Nonprofit Management and Leadership

Detalles Bibliográficos
Formato: eBook
Lenguaje:inglés
Publicado: Hoboken: Wiley, 1990 -
Materias:
Acceso en línea:Acceso restringido

MARC

LEADER 00000nam a22000007a 4500
005 20210407001251.0
007 cr|||| ||||
008 210407c19909999us n|w s|||| 0|||b1eng d
022 |a 1048-6682 
035 |a 32917 
040 |a vLex 
090 |c 11401  |d 11401 
245 0 0 |a Nonprofit Management and Leadership  |h [Recurso electrn̤ico] / 
256 |a Servicio en ln̕ea 
260 |a Hoboken:  |b Wiley,  |c 1990 - 
300 |a 1 recurso electrn̤ico 
310 |a Irregular 
362 |a Nð 1-1 (Sep. 1990) - 
506 1 |a Disponible solo en los productos indicados  |d vLex Global  |d vLex Global (Academic Edition, excluding Law Schools)  |d vLex Global (Academic Edition, Law Schools) 
650 0 4 |a Derecho Mercantil y de la Empresa  |z Estados Unidos 
740 0 |a vLex Revistas (Servicio en ln̕ea) 
856 4 0 |u https://vlex.com/source/32917  |z Acceso restringido 
942 |c REV 
999 0 |a Commercial and Company Law